000 00771nam a2200229Ia 4500
003 OSt
005 20220923215305.0
006 a|||||r|||| 00| 0
007 ta
008 220922b |||||||| |||| 00| 0 hin d
024 _a177,465
037 _cTextual
040 _aARTS
_cARTS
_bhin
041 _2hin
_ahin
082 _aO152,1L00x, L3
245 0 _aबुल्ला साहेब का शब्दसार जीवन चरित्र सहित
246 _aBullā sāheb kā shabdasār jīvan charitra sahita
260 _aइलाहाबाद
_b बेलबीडियर प्रिटिंग वकर्स
_c1973
300 _a32 पृ.
_ccm.
942 _hO152,1L00x, L3
_cTEXL
_2CC
999 _c330853
_d330853